<?xml version="1.0" encoding="UTF-8"?><?xml-stylesheet type="text/xsl" href="static/style.xsl"?><OAI-PMH xmlns="http://www.openarchives.org/OAI/2.0/" xmlns:xsi="http://www.w3.org/2001/XMLSchema-instance" xsi:schemaLocation="http://www.openarchives.org/OAI/2.0/ http://www.openarchives.org/OAI/2.0/OAI-PMH.xsd"><responseDate>2026-04-27T22:07:30Z</responseDate><request verb="GetRecord" identifier="oai:uvadoc.uva.es:10324/67882" metadataPrefix="marc">https://uvadoc.uva.es/oai/request</request><GetRecord><record><header><identifier>oai:uvadoc.uva.es:10324/67882</identifier><datestamp>2024-05-29T12:22:01Z</datestamp><setSpec>com_10324_991</setSpec><setSpec>com_10324_931</setSpec><setSpec>com_10324_894</setSpec><setSpec>col_10324_993</setSpec></header><metadata><record xmlns="http://www.loc.gov/MARC21/slim" xmlns:doc="http://www.lyncode.com/xoai" xmlns:xsi="http://www.w3.org/2001/XMLSchema-instance" xmlns:dcterms="http://purl.org/dc/terms/" xsi:schemaLocation="http://www.loc.gov/MARC21/slim http://www.loc.gov/standards/marcxml/schema/MARC21slim.xsd">
<leader>00925njm 22002777a 4500</leader>
<datafield tag="042" ind1=" " ind2=" ">
<subfield code="a">dc</subfield>
</datafield>
<datafield tag="720" ind1=" " ind2=" ">
<subfield code="a">Domínguez Luelmo, Andrés Augusto</subfield>
<subfield code="e">author</subfield>
</datafield>
<datafield tag="260" ind1=" " ind2=" ">
<subfield code="c">2024</subfield>
</datafield>
<datafield tag="520" ind1=" " ind2=" ">
<subfield code="a">Estos Comentarios al Código civil tienen como objetivo ser de utilidad a todos los juristas y en especial a los prácticos del derecho, mediante un estudio breve y riguroso de cada uno de los preceptos del Código civil, actualizados con la última y exhaustiva jurisprudencia, y realizados por expertos civilistas. &#xd;
La principal novedad de estos comentarios es su total actualización conforme a las últimas reformas del Código civil, como lo son las producidas por las Leyes: 8/2021, de 2 de junio, por la que se reforma la legislación civil y procesal para el apoyo a las personas con discapacidad en el ejercicio de su capacidad jurídica; 8/2021, de 4 de junio, de protección integral a la infancia y la adolescencia frente a la violencia; 17/2021, de 15 de diciembre, sobre el régimen jurídico de los animales; 16/2022, de 5 de septiembre de reforma del Texto Refundido de la Ley Concursal; y 4/2023, de 28 de febrero, para la igualdad real y efectiva de las personas trans y para la garantía de los derechos de las personas LGTBI.&#xd;
Junto a esta novedad, su principal pretensión: ser una ágil herramienta para facilitar la aplicación del Derecho civil y de las principales instituciones del Derecho privado. Para ello, y a continuación de cada uno de los preceptos comentados, se incluye en apartados independientes el estado de la cuestión en: Legislación; Jurisprudencia; Esquemas; así como Formularios de extraordinaria utilidad, relacionados con el contenido de los distintos artículos objeto de comentario.</subfield>
</datafield>
<datafield tag="024" ind2=" " ind1="8">
<subfield code="a">Cañizares Laso, Ana (coords.). Comentarios al Código Civil: 5 Tomos. Valencia: Tirant lo Blanch, 2023, p. 4779-4970.</subfield>
</datafield>
<datafield tag="024" ind2=" " ind1="8">
<subfield code="a">9788411692045</subfield>
</datafield>
<datafield tag="024" ind2=" " ind1="8">
<subfield code="a">https://uvadoc.uva.es/handle/10324/67882</subfield>
</datafield>
<datafield ind1=" " ind2=" " tag="653">
<subfield code="a">Código civil</subfield>
</datafield>
<datafield tag="245" ind1="0" ind2="0">
<subfield code="a">Comentario a los arts. 1035 a 1081</subfield>
</datafield>
</record></metadata></record></GetRecord></OAI-PMH>